London house prices quarterly bulletin. - No. 42 (January-March 1997) - No. 45 (October-December 1997) (Record no. 96620)

MARC details
000 -LEADER
fixed length control field 00592cam a2200217 4500
001 - CONTROL NUMBER
control field J86050
008 - FIXED-LENGTH DATA ELEMENTS--GENERAL INFORMATION
fixed length control field 090401t1997 xxu||||| |||| 00| 0 eng d
035 ## - SYSTEM CONTROL NUMBER
System control number (Sirsi) u80466
041 ## - LANGUAGE CODE
Language code of text/sound track or separate title eng
050 ## - LIBRARY OF CONGRESS CALL NUMBER
Classification number 306.109421
110 ## - MAIN ENTRY--CORPORATE NAME
Corporate name or jurisdiction name as entry element London Research Centre
9 (RLIN) 3277
245 ## - TITLE STATEMENT
Title London house prices quarterly bulletin. - No. 42 (January-March 1997) - No. 45 (October-December 1997)
260 ## - PUBLICATION, DISTRIBUTION, ETC.
Place of publication, distribution, etc. London
Name of publisher, distributor, etc. London Research Centre
Date of publication, distribution, etc. 1997
300 ## - PHYSICAL DESCRIPTION
Extent 4 pt. ; 30cm.
350 ## - PRICE (NR) (BK AM CF MU VM SE) [OBSOLETE]
Price 30
650 ## - SUBJECT ADDED ENTRY--TOPICAL TERM
Topical term or geographic name entry element HOUSE PRICES
650 ## - SUBJECT ADDED ENTRY--TOPICAL TERM
Topical term or geographic name entry element LONDON
690 ## - LOCAL SUBJECT ADDED ENTRY--TOPICAL TERM (OCLC, RLIN)
Topical term or geographic name as entry element HOUSING
942 ## - ADDED ENTRY ELEMENTS (KOHA)
Suppress in OPAC 0
948 ## - LOCAL PROCESSING INFORMATION (OCLC); SERIES PART DESIGNATOR (RLIN)
c (OCLC) 26/08/1997
Holdings
Withdrawn status Lost status Source of classification or shelving scheme Damaged status Not for loan Home library Current library Shelving location Date acquired Cost, normal purchase price Total Checkouts Full call number Barcode Date last seen Copy number Cost, replacement price Price effective from Koha item type
    Dewey Decimal Classification     London London Property market reports 14/09/1999 30.00   PROPERTY MARKET REPORTS 30053762 06/08/2019 1 30.00 06/08/2019 Reference material
    Dewey Decimal Classification     London London Property market reports 14/09/1999 30.00   PROPERTY MARKET REPORTS 30054676 06/08/2019 2 30.00 06/08/2019 Reference material
    Dewey Decimal Classification     London London Property market reports 14/09/1999 30.00   PROPERTY MARKET REPORTS 30055307 06/08/2019 3 30.00 06/08/2019 Reference material
    Dewey Decimal Classification     London London Property market reports 14/09/1999 30.00   PROPERTY MARKET REPORTS 30055837 06/08/2019 4 30.00 06/08/2019 Reference material